Brtain's most detailed maps go mobile (Record no. 73459)

MARC details
000 -LEADER
fixed length control field 00944cam a2200205 4500
001 - CONTROL NUMBER
control field WB3936-15
008 - FIXED-LENGTH DATA ELEMENTS--GENERAL INFORMATION
fixed length control field 030925n2003 000 0 eng u
035 ## - SYSTEM CONTROL NUMBER
System control number (Sirsi) u123723
245 ## - TITLE STATEMENT
Title Brtain's most detailed maps go mobile
260 ## - PUBLICATION, DISTRIBUTION, ETC.
Date of publication, distribution, etc. 2003
490 ## - SERIES STATEMENT
Series statement Ordnance Survey News Release
Volume/sequential designation 16 September 2003 (2)
520 ## - SUMMARY, ETC.
Summary, etc. Maps pinpointing individual buildings throughout Britain are about to become available through Ordnance Survey (OS) and mobile navigation specialists Yeoman Navigation Systems. The service available to Vodaphone live! customers will allow access to destination maps zooming right down to building level and incorporates the latest OS MasterMap data. http://www.ordnancesurvey.co.uk/media/newsreleases/2003/september/m8.htm
590 ## - LOCAL NOTE (RLIN)
Local note WB
650 ## - SUBJECT ADDED ENTRY--TOPICAL TERM
Topical term or geographic name entry element MOBILE PHONES
650 ## - SUBJECT ADDED ENTRY--TOPICAL TERM
Topical term or geographic name entry element ORDNANCE SURVEY
650 ## - SUBJECT ADDED ENTRY--TOPICAL TERM
Topical term or geographic name entry element DIGITAL MAPPING
650 ## - SUBJECT ADDED ENTRY--TOPICAL TERM
Topical term or geographic name entry element OS MASTERMAP
690 ## - LOCAL SUBJECT ADDED ENTRY--TOPICAL TERM (OCLC, RLIN)
Topical term or geographic name as entry element MAPPING AND MEASUREMENT
942 ## - ADDED ENTRY ELEMENTS (KOHA)
Suppress in OPAC 0
Holdings
Withdrawn status Lost status Source of classification or shelving scheme Damaged status Not for loan Home library Current library Shelving location Date acquired Total Checkouts Full call number Barcode Date last seen Copy number Price effective from Koha item type
    Dewey Decimal Classification     London London News article 25/09/2003   WB3936-15 123723-1001 06/08/2019 1 06/08/2019 News article